<?xml version="1.0" encoding="UTF-8"?>
<record
    xmlns:xsi="http://www.w3.org/2001/XMLSchema-instance"
    xsi:schemaLocation="http://www.loc.gov/MARC21/slim http://www.loc.gov/standards/marcxml/schema/MARC21slim.xsd"
    xmlns="http://www.loc.gov/MARC21/slim">

  <leader>01047nam a2200229Ia 4500</leader>
  <datafield tag="999" ind1=" " ind2=" ">
    <subfield code="c">40357</subfield>
    <subfield code="d">40357</subfield>
  </datafield>
  <controlfield tag="001">6965</controlfield>
  <controlfield tag="003">GE_BSU</controlfield>
  <controlfield tag="005">20190530142229.0</controlfield>
  <controlfield tag="008">181216s1972||||ge |||||||||||||| ||geo||</controlfield>
  <datafield tag="040" ind1=" " ind2=" ">
    <subfield code="c">GE_BSU</subfield>
  </datafield>
  <datafield tag="041" ind1=" " ind2=" ">
    <subfield code="a">geo</subfield>
  </datafield>
  <datafield tag="080" ind1=" " ind2=" ">
    <subfield code="a">547+547.64(075.8)  &#x10E9;-71</subfield>
  </datafield>
  <datafield tag="100" ind1=" " ind2=" ">
    <subfield code="a">&#x10E9;&#x10D8;&#x10E9;&#x10D8;&#x10D1;&#x10D0;&#x10D1;&#x10D8;&#x10DC;&#x10D8;, &#x10D0;.&#x10D4;.</subfield>
    <subfield code="9">1828</subfield>
  </datafield>
  <datafield tag="245" ind1=" " ind2=" ">
    <subfield code="a">&#x10DD;&#x10E0;&#x10D2;&#x10D0;&#x10DC;&#x10E3;&#x10DA;&#x10D8; &#x10E5;&#x10D8;&#x10DB;&#x10D8;&#x10D8;&#x10E1; &#x10EB;&#x10D8;&#x10E0;&#x10D8;&#x10D7;&#x10D0;&#x10D3;&#x10D8; &#x10E1;&#x10D0;&#x10EC;&#x10E7;&#x10D8;&#x10E1;&#x10D4;&#x10D1;&#x10D8;. &#x10E2;.1. &#x10E1;&#x10D0;&#x10EE;&#x10D4;&#x10DA;&#x10DB;&#x10EB;&#x10E6;&#x10D5;. /</subfield>
    <subfield code="c">&#x10D0;.&#x10D4;. &#x10E9;&#x10D8;&#x10E9;&#x10D8;&#x10D1;&#x10D0;&#x10D1;&#x10D8;&#x10DC;&#x10D8; ; &#x10D8;. &#x10D2;&#x10D5;&#x10D4;&#x10E0;&#x10D3;&#x10EC;&#x10D8;&#x10D7;&#x10D4;&#x10DA;&#x10D8;&#x10E1; &#x10E0;&#x10D4;&#x10D3;&#x10D0;&#x10E5;&#x10EA;&#x10D8;&#x10D8;&#x10D7;.</subfield>
  </datafield>
  <datafield tag="250" ind1=" " ind2=" ">
    <subfield code="a">&#x10D7;&#x10D0;&#x10E0;&#x10D2;&#x10DB;. &#x10DB;&#x10D4;&#x10E8;&#x10D5;&#x10D8;&#x10D3;&#x10D4; &#x10D2;&#x10D0;&#x10DB;-&#x10D3;&#x10D0;&#x10DC;.</subfield>
  </datafield>
  <datafield tag="264" ind1=" " ind2=" ">
    <subfield code="a">&#x10D7;&#x10D1;&#x10D8;&#x10DA;&#x10D8;&#x10E1;&#x10D8; :</subfield>
    <subfield code="b">&#x10E3;&#x10DC;-&#x10E2;&#x10D8;&#x10E1; &#x10D2;&#x10D0;&#x10DB;-&#x10D1;&#x10D0;,</subfield>
    <subfield code="c">1972.</subfield>
  </datafield>
  <datafield tag="300" ind1=" " ind2=" ">
    <subfield code="a">794 &#x10D2;&#x10D5; .:</subfield>
    <subfield code="c">26 &#x10E1;&#x10DB;.</subfield>
  </datafield>
  <datafield tag="653" ind1=" " ind2=" ">
    <subfield code="a">&#x10DD;&#x10E0;&#x10D2;&#x10D0;&#x10DC;&#x10E3;&#x10DA;&#x10D8; &#x10E5;&#x10D8;&#x10DB;&#x10D8;&#x10D8;&#x10E1; &#x10EB;&#x10D8;&#x10E0;&#x10D8;&#x10D7;&#x10D0;&#x10D3;&#x10D8; &#x10E1;&#x10D0;&#x10EC;&#x10E7;&#x10D8;&#x10E1;&#x10D4;&#x10D1;&#x10D8;</subfield>
  </datafield>
  <datafield tag="653" ind1=" " ind2=" ">
    <subfield code="a">&#x10E5;&#x10D8;&#x10DB;&#x10D8;&#x10D0;</subfield>
  </datafield>
  <datafield tag="700" ind1=" " ind2=" ">
    <subfield code="a">&#x10D2;&#x10D5;&#x10D4;&#x10E0;&#x10D3;&#x10EC;&#x10D8;&#x10D7;&#x10D4;&#x10DA;&#x10D8;, &#x10D8;</subfield>
    <subfield code="e">&#x10E0;&#x10D4;&#x10D3;&#x10D0;&#x10E5;&#x10EA;&#x10D8;&#x10D8;&#x10D7;</subfield>
    <subfield code="9">1829</subfield>
  </datafield>
  <datafield tag="942" ind1=" " ind2=" ">
    <subfield code="c">BK</subfield>
    <subfield code="2">udc</subfield>
  </datafield>
  <datafield tag="952" ind1=" " ind2=" ">
    <subfield code="0">0</subfield>
    <subfield code="1">0</subfield>
    <subfield code="2">udc</subfield>
    <subfield code="4">0</subfield>
    <subfield code="6">547547640758_&#x10E9;71</subfield>
    <subfield code="7">0</subfield>
    <subfield code="9">44967</subfield>
    <subfield code="a">SPL</subfield>
    <subfield code="b">SPL</subfield>
    <subfield code="c">GEN</subfield>
    <subfield code="d">2018-12-17</subfield>
    <subfield code="g">5.00</subfield>
    <subfield code="o">547+547.64(075.8)  &#x10E9;-71</subfield>
    <subfield code="p">9728</subfield>
    <subfield code="r">2018-12-17</subfield>
    <subfield code="t">9728</subfield>
    <subfield code="w">2018-12-17</subfield>
    <subfield code="y">BK</subfield>
    <subfield code="z">5 &#x10DA;. 90 &#x10D7;.</subfield>
  </datafield>
  <datafield tag="952" ind1=" " ind2=" ">
    <subfield code="0">0</subfield>
    <subfield code="1">0</subfield>
    <subfield code="2">udc</subfield>
    <subfield code="4">0</subfield>
    <subfield code="6">547547640758_&#x10E9;71</subfield>
    <subfield code="7">0</subfield>
    <subfield code="9">44968</subfield>
    <subfield code="a">SPL</subfield>
    <subfield code="b">SPL</subfield>
    <subfield code="c">GEN</subfield>
    <subfield code="d">2018-12-17</subfield>
    <subfield code="g">5.00</subfield>
    <subfield code="o">547+547.64(075.8)  &#x10E9;-71</subfield>
    <subfield code="p">9729</subfield>
    <subfield code="r">2018-12-17</subfield>
    <subfield code="t">9729</subfield>
    <subfield code="w">2018-12-17</subfield>
    <subfield code="y">BK</subfield>
    <subfield code="z">5 &#x10DA;. 90 &#x10D7;.</subfield>
  </datafield>
  <datafield tag="952" ind1=" " ind2=" ">
    <subfield code="0">0</subfield>
    <subfield code="1">0</subfield>
    <subfield code="2">udc</subfield>
    <subfield code="4">0</subfield>
    <subfield code="6">547547640758_&#x10E9;71</subfield>
    <subfield code="7">0</subfield>
    <subfield code="9">44969</subfield>
    <subfield code="a">SPL</subfield>
    <subfield code="b">SPL</subfield>
    <subfield code="c">GEN</subfield>
    <subfield code="d">2018-12-17</subfield>
    <subfield code="g">5.00</subfield>
    <subfield code="o">547+547.64(075.8)  &#x10E9;-71</subfield>
    <subfield code="p">9730</subfield>
    <subfield code="r">2018-12-17</subfield>
    <subfield code="t">9730</subfield>
    <subfield code="w">2018-12-17</subfield>
    <subfield code="y">BK</subfield>
    <subfield code="z">5 &#x10DA;. 90 &#x10D7;.</subfield>
  </datafield>
  <datafield tag="952" ind1=" " ind2=" ">
    <subfield code="0">0</subfield>
    <subfield code="1">0</subfield>
    <subfield code="2">udc</subfield>
    <subfield code="4">0</subfield>
    <subfield code="6">547547640758_&#x10E9;71</subfield>
    <subfield code="7">0</subfield>
    <subfield code="9">44970</subfield>
    <subfield code="a">SPL</subfield>
    <subfield code="b">SPL</subfield>
    <subfield code="c">GEN</subfield>
    <subfield code="d">2018-12-17</subfield>
    <subfield code="g">5.00</subfield>
    <subfield code="o">547+547.64(075.8)  &#x10E9;-71</subfield>
    <subfield code="p">9731</subfield>
    <subfield code="r">2018-12-17</subfield>
    <subfield code="t">9731</subfield>
    <subfield code="w">2018-12-17</subfield>
    <subfield code="y">BK</subfield>
    <subfield code="z">5 &#x10DA;. 90 &#x10D7;.</subfield>
  </datafield>
</record>
